000 00503nam a22001697a 4500
003 OSt
005 20210924101004.0
008 210924b |||||||| |||| 00| 0 eng d
020 _a0-323-01953-6
040 _aDDC
_cHU
082 _21ST
_a610.73
_b2
100 _aSWEARINGEN PAMELA L.
_96956
245 _aALL- IN - ONE CARE PLANNING RESOURCE MEDICAL-SURGICAL,PEDIATRIC,MATERNITY AND PSYCHIATRIC NURSING CARE PLANS
250 _a1ST
260 _aPHILADELPHIA
_bMOSBY INC
_c610.73
942 _2ddc
_cBOOKS
_n0
999 _c6631
_d6631